[Event "Bratislava op"]
[Site "Bratislava"]
[Date "1992.??.??"]
[Round "3"]
[White "Bagaturov, Giorgi"]
[Black "Tibensky, Robert"]
[Result "1-0"]
[WhiteElo "2435"]
[BlackElo "2410"]

1.d4 e6 2.c4 Nf6 3.Nf3 b6 4.a3 Ba6 5.Qc2 Bb7 6.Nc3 c5 7.e4 cxd4 8.Nxd4 Bc5
9.Nb3 Nc6 10.Bg5 Be7 11.O-O-O Qb8 12.Be2 d6 13.h4 Ne5 14.Bxf6 gxf6 15.f4 Nd7
16.Nd4 a6 17.Nd5 exd5 18.exd5 Qc7 19.Nf5 Bf8 20.Qe4+ Kd8 21.Rhe1 Nc5 22.Qe3 Qd7
23.Bg4 Kc7 24.b4 Na4 25.Bh3 Qd8 26.Qb3 b5 27.Nd4 Nb6 28.cxb5 Bxd5 29.Qc3+ Kb7
30.Nc6 Bxc6 31.Qxc6+ Ka7 32.Re8  1-0

[Event "Brussels SWIFT blitz"]
[Site "Brussels"]
[Date "1992.??.??"]
[Round "?"]
[White "Lobron, Eric"]
[Black "Timman, Jan H"]
[Result "1-0"]
[WhiteElo "2575"]
[BlackElo "2620"]

1.d4 Nf6 2.c4 e6 3.Nf3 b6 4.a3 Bb7 5.Nc3 d5 6.cxd5 Nxd5 7.e3 g6 8.Bb5+ c6
9.Bd3 Bg7 10.Nxd5 exd5 11.e4 dxe4 12.Bxe4 Ba6 13.Bd3 Bxd3 14.Qxd3 O-O 15.O-O Qd5
16.Be3 Nd7 17.Rac1 Rfe8 18.Qa6 c5 19.Rfd1 Qe4 20.Qb5 cxd4 21.Bxd4 Nf8 22.Bxg7 Kxg7
23.Re1 Qf5 24.Qxe8 Rxe8 25.Rxe8 Qb5 26.Re3 Qxb2 27.Rc7 a5 28.h4 Qa2 29.Ree7 Qa1+
30.Kh2 Qf6 31.Ng5 Qf4+ 32.Kg1 Kg8 33.g3 Qd4 34.Rxf7 b5 35.Rxf8+ Kxf8 36.Ne6+ Ke8
37.Nxd4  1-0

[Event "Spring op"]
[Site "Budapest"]
[Date "1992.??.??"]
[Round "?"]
[White "Szabolcsi, Janos"]
[Black "Sziraki, Tamas"]
[Result "1-0"]
[WhiteElo "2375"]
[BlackElo "2210"]

1.d4 Nf6 2.Nf3 e6 3.c4 b6 4.a3 Bb7 5.Nc3 d5 6.cxd5 Nxd5 7.Qc2 Nxc3 8.bxc3 Be7
9.e4 c5 10.Bb5+ Bc6 11.Bd3 Nd7 12.O-O Rc8 13.Ba6 Ra8 14.Rd1 cxd4 15.cxd4 Nb8
16.Ne5 Bxe4 17.Bb5+  1-0

[Event "Multicoop op"]
[Site "Budapest"]
[Date "1992.??.??"]
[Round "6"]
[White "Blasovszky, Istvan"]
[Black "Sziraki, Tamas"]
[Result "1-0"]
[WhiteElo "2265"]
[BlackElo "2210"]

1.d4 Nf6 2.c4 e6 3.Nf3 b6 4.a3 Bb7 5.Nc3 d5 6.cxd5 Nxd5 7.Qc2 Nxc3 8.Qxc3 Nd7
9.Bg5 f6 10.Bh4 c5 11.e3 Rc8 12.Rd1 cxd4 13.Qxd4 Bc5 14.Qa4 Bc6 15.Bb5 Qc7
16.O-O Ke7 17.Qg4 Kf7 18.Bc4 Nf8 19.Nd4 Bxd4 20.Rxd4 h5 21.Qe2 Ke7 22.f4 a5
23.Rfd1 Ng6 24.Bf2 e5 25.Rd6 Be4 26.Re6+ Kf8 27.Bb3 Bf5 28.Red6 Bg4 29.Qd3 Bxd1
30.Bxd1 e4 31.Qd4 Ne7 32.g4 Nc6 33.Rxf6+ Ke7 34.Qxe4+ Kxf6 35.Qf5+ Ke7 36.Bh4+ Ke8
37.Qe6+ Kf8 38.Qf5+ Ke8 39.Qe6+ Ne7 40.Bxe7 Rh6 41.Ba4+  1-0

[Event "Buenos Aires Najdorf qual"]
[Site "Buenos Aires"]
[Date "1992.??.??"]
[Round "8"]
[White "Giardelli, Sergio C"]
[Black "Slipak, Sergio"]
[Result "1/2-1/2"]
[WhiteElo "2430"]
[BlackElo "2430"]

1.c4 e6 2.Nf3 Nf6 3.d4 b6 4.a3 Bb7 5.Nc3 g6 6.d5 exd5 7.cxd5 Bg7 8.g3 O-O
9.Bg2 c6 10.d6 c5 11.O-O Nc6 12.Bf4 Re8 13.Nb5 Rb8 14.Nc7 Rf8 15.b4 Ne4 16.bxc5 bxc5
17.Rc1 Nd4 18.Nxd4 cxd4 19.Qd3 Nc3 20.e3 Bxg2 21.Kxg2 Rb2 22.Rfe1 g5 23.exd4 Na2
24.Rc2 Rxc2 25.Qxc2 gxf4 26.Qxa2 f3+ 27.Kxf3 Qf6+ 28.Kg2 Qxd6 29.Nd5 Bxd4
30.Re4 Bg7 31.h4 Kh8 32.Rf4 Be5 33.Rf3 f5 34.Qc4 Qc6 35.Qxc6 dxc6 36.Ne7 c5
37.Rxf5 Bg7 38.Rxf8+ Bxf8 39.Nd5 Kg7 40.Kf3 Kf7 41.Ne3 Ke6 42.Ke4 h5 43.a4 Bg7
44.Nd5 Bd4 45.Ne3 Be5 46.f4 Bd4 47.f5+ Kf7 48.Nd5 Bf2 49.Kf3 Be1 50.Ne3 Kf6
51.g4 hxg4+ 52.Kxg4 Bd2 53.Kf4 c4 54.Ke4 c3 55.Nd5+ Kg7 56.Kd3 Be1 57.h5 Kh6
58.f6 Bg3 59.Ne3 Kxh5 60.Nf5 Be1 61.f7 c2 62.Kxc2 Bb4 63.Kb3 Bf8 64.Nd4 Kg6
65.Kc4 Kxf7 66.Nc6  1/2-1/2

[Event "Calcutta"]
[Site "Calcutta"]
[Date "1992.??.??"]
[Round "7"]
[White "Lahari, Atanu"]
[Black "Garma, Chito"]
[Result "0-1"]
[WhiteElo "2315"]
[BlackElo "2330"]

1.d4 Nf6 2.c4 e6 3.Nf3 b6 4.a3 Bb7 5.Nc3 d5 6.Bg5 Be7 7.Bxf6 Bxf6 8.cxd5 exd5
9.Qb3 O-O 10.Rd1 c6 11.g3 c5 12.Bg2 c4 13.Qc2 Na6 14.O-O Nc7 15.e4 b5 16.exd5 Bxd5
17.Nxd5 Nxd5 18.Ne5 Qd6 19.Qf5 Rad8 20.Ng4 Qe6 21.Nxf6+ Qxf6 22.Qxf6 Nxf6
23.Bc6 a6 24.d5 Rd6 25.Rd4 Rfd8 26.Rfd1 Nd7 27.Bxd7 R8xd7 28.f3 Kf8 29.Kf2 Ke8
30.Ke3 Kd8 31.a4 Kc7 32.a5 Rh6 33.h4 Rh5 34.Rg4 Re5+ 35.Kf2 f6 36.b3 cxb3
37.Rb4 Rdxd5 38.Rxd5 Rxd5 39.Rxb3 Rd2+ 40.Ke3 Ra2 41.Kd4 Rxa5 42.h5  0-1

[Event "Cannes Martinez op"]
[Site "Cannes"]
[Date "1992.??.??"]
[Round "?"]
[White "Cebalo, Miso"]
[Black "Rotstein, Arkadij"]
[Result "1-0"]
[WhiteElo "2500"]
[BlackElo "2515"]

1.d4 Nf6 2.Nf3 e6 3.c4 b6 4.a3 c5 5.d5 Ba6 6.e3 exd5 7.cxd5 Bxf1 8.Kxf1 g6
9.Nc3 Bg7 10.e4 O-O 11.h3 d6 12.Bf4 Re8 13.Qc2 Na6 14.Nd2 Qe7 15.g4 b5 16.Kg2 Rab8
17.Rhe1 Nd7 18.Bg3 c4 19.a4 Nb4 20.Qb1 Nd3 21.axb5 Nxe1+ 22.Qxe1 Nc5 23.Nxc4 Bxc3
24.bxc3 Qxe4+ 25.Qxe4 Nxe4 26.Nxd6 Nxd6 27.Bxd6 Rbd8 28.Ra6 Re4 29.Rc6 f5
30.g5 h6 31.gxh6 Kh7 32.c4 Rxc4 33.Be7 Rd7 34.Rxc4 Rxe7 35.d6 Re5 36.Rd4 Re8
37.d7 Rd8 38.Kf3 Kxh6 39.Kf4 Kg7 40.Ke5  1-0

[Event "Cappelle op"]
[Site "Cappelle la Grande"]
[Date "1992.??.??"]
[Round "5"]
[White "Priehoda, Vitezslav"]
[Black "Shneider, Aleksandr"]
[Result "1-0"]
[WhiteElo "2390"]
[BlackElo "2515"]

1.d4 Nf6 2.c4 e6 3.Nf3 b6 4.a3 Ba6 5.Qc2 Bb7 6.Nc3 c5 7.dxc5 Bxc5 8.Bg5 h6
9.Bh4 Nc6 10.e3 Be7 11.Be2 Rc8 12.O-O O-O 13.Rfd1 Na5 14.Nd2 Ba6 15.Qa4 d5
16.cxd5 Bxe2 17.Nxe2 Qxd5 18.b4 Qc6 19.Qxc6 Nxc6 20.f3 Rfd8 21.Nb3 Ne5 22.Rxd8+ Rxd8
23.Ned4 Rc8 24.e4 Rc3 25.Be1 Rd3 26.Rc1 Nh5 27.Kf1 Bg5 28.Rc8+ Kh7 29.Rc3 Rd1
30.Ke2 Rb1 31.g3 Bf6 32.f4 Ng6 33.e5 Nhxf4+ 34.gxf4 Nxf4+ 35.Kd2 Bxe5 36.Bg3 Bxd4
37.Nxd4 Nd5 38.Rf3 Kg6 39.Nc6 f6 40.Nxa7 Ra1 41.Nb5 e5 42.Kc2 Ra2+ 43.Kb1 Rg2
44.Rf2 Rxf2 45.Bxf2 e4 46.Kc2 e3 47.Bg3 Kf5 48.Kd3 g5 49.Nc7 Ne7 50.Kxe3 Kg4
51.Kf2 f5 52.Kg2 f4 53.h3+ Kf5 54.Bf2 Nc8 55.a4 h5 56.Nd5 g4 57.hxg4+ hxg4
58.Nxb6 Nd6 59.a5 Nb5 60.Nd5 g3 61.Bc5 Kg4 62.Nxf4 Kxf4 63.a6 Ke5 64.a7 Nc7
65.b5  1-0

[Event "Cappelle op"]
[Site "Cappelle la Grande"]
[Date "1992.??.??"]
[Round "6"]
[White "Bradbury, Neil H"]
[Black "Henriksen, J."]
[Result "1-0"]
[WhiteElo "2345"]
[BlackElo "2230"]

1.d4 Nf6 2.c4 e6 3.Nf3 b6 4.a3 Bb7 5.Nc3 d5 6.cxd5 exd5 7.Bg5 Be7 8.e3 O-O
9.Bd3 h6 10.Bf4 c5 11.Rc1 Bd6 12.Be5 Bxe5 13.Nxe5 cxd4 14.exd4 Nc6 15.Nxc6 Bxc6
16.O-O Qd6 17.Ne2 Bd7 18.Ng3 g6 19.Qd2 Kg7 20.h4 Rfe8 21.h5 Ne4 22.Bxe4 dxe4
23.hxg6 fxg6 24.Rfe1 Bf5 25.Rc3 Rad8 26.Rec1 Rc8 27.Nxf5+  1-0

[Event "EU-chT (Men)"]
[Site "Debrecen"]
[Date "1992.??.??"]
[Round "4"]
[White "Ionescu, Constantin"]
[Black "Arnason, Jon L"]
[Result "0-1"]
[WhiteElo "2465"]
[BlackElo "2515"]

1.d4 Nf6 2.c4 e6 3.Nf3 b6 4.a3 Ba6 5.Qc2 Bb7 6.Nc3 c5 7.dxc5 bxc5 8.Bg5 d6
9.e3 Nbd7 10.Be2 Be7 11.O-O h6 12.Bh4 Qb6 13.Rfd1 O-O 14.Rd2 Rfd8 15.Rad1 Nf8
16.Ne1 Rd7 17.Bf3 Rad8 18.Bxb7 Qxb7 19.h3 g5 20.Bg3 Ng6 21.Bh2 Nh4 22.e4 Ng6
23.Nf3 g4 24.hxg4 Nxg4 25.Rd3 Nxh2 26.Nxh2 Rb8 27.Qa4 Rdd8 28.Nf3 Kh7 29.g3 a6
30.R1d2 Rg8 31.Kh2 Bf6 32.Qc2 Be5 33.Re2 Rbf8 34.Qd1 Qe7 35.Nxe5 Nxe5 36.Rxd6 Qg5
37.Kg2 Qh5 38.Re1 Ng4 39.Rh1 Qe5 40.Rd3 Rd8 41.Qe2 Rd4 42.Rf3 Rg7 43.Rf4 Qg5
44.Kf1 Kg8 45.Rh4 Qxh4  0-1

[Event "EU-chT (Men)"]
[Site "Debrecen"]
[Date "1992.??.??"]
[Round "5"]
[White "Kozul, Zdenko"]
[Black "Lutz, Christopher"]
[Result "1/2-1/2"]
[WhiteElo "2545"]
[BlackElo "2540"]

1.d4 Nf6 2.Nf3 e6 3.c4 b6 4.a3 Bb7 5.Nc3 g6 6.Bg5 Bg7 7.Bh4 h6 8.e3 d6 9.Bd3 g5
10.Bg3 Nh5 11.O-O Nd7 12.Nd2 Ndf6 13.Nde4 Nxe4 14.Nxe4 Nxg3 15.Nxg3 O-O 16.f4 f5
17.d5 gxf4 18.exf4 exd5 19.cxd5 Bxd5 20.Bxf5 Bf7 21.Bc2 Qf6 22.Nf5 Be6 23.Nxg7 Kxg7
24.Rc1 Rac8 25.b4 c5 26.Qd3 Bf5 27.Qxf5 Qd4+ 28.Kh1 Rxf5 29.Bxf5 Rf8 30.g4 cxb4
31.axb4 Qxb4 32.Kg2 Qd2+ 33.Kg3 Re8 34.Rc2 Qd4 35.Rc7+ Kf8 36.Kh4 Re7 37.Rxe7 Kxe7
38.Kh5 Kf6 39.Bg6 Kg7 40.h4 a5 41.Re1 Qxf4 42.Re7+ Kg8 43.Re8+ Kg7  1/2-1/2

[Event "EU-chT (Men)"]
[Site "Debrecen"]
[Date "1992.??.??"]
[Round "9"]
[White "Ionescu, Constantin"]
[Black "Kurajica, Bojan"]
[Result "1/2-1/2"]
[WhiteElo "2465"]
[BlackElo "2585"]

1.d4 Nf6 2.c4 e6 3.Nf3 b6 4.a3 d5 5.Nc3 Be7 6.cxd5 exd5 7.g3 O-O 8.Bg2 h6
9.O-O Bb7 10.Bf4 c5 11.Ne5 Na6 12.Rc1 Re8 13.Nb5 Bf8 14.g4 Re6 15.e3 Qe8
16.Nc3 Ne4 17.Nd3 cxd4 18.exd4 Rc8 19.Qb3 Nxc3 20.Rxc3 g5 21.Bg3 Rxc3 22.Qxc3 Rc6
23.Qd2 Re6  1/2-1/2

[Event "Wch U18"]
[Site "Duisburg"]
[Date "1992.??.??"]
[Round "2"]
[White "Zoler, Dan"]
[Black "Vouldis, Angelos"]
[Result "1-0"]
[WhiteElo "2370"]
[BlackElo "2260"]

1.d4 Nf6 2.c4 e6 3.Nf3 b6 4.a3 Bb7 5.Nc3 g6 6.d5 Bg7 7.g3 Qe7 8.Bg2 O-O 9.O-O exd5
10.cxd5 Na6 11.Nd4 Nc5 12.Bg5 h6 13.Bf4 d6 14.Rc1 Nce4 15.Nxe4 Nxe4 16.Nb5 Nc5
17.b4 Ba6 18.a4 Bxb5 19.axb5 Ne4 20.Qd3 f5 21.Rc4 Rae8 22.Re1 Rf7 23.Qc2 g5
24.Be3 Qe5 25.Qd3 Qb2 26.Bxe4 fxe4 27.Qc2 Qe5 28.Rd1 Ree7 29.Qa2 Qb2 30.Qxb2 Bxb2
31.Rc2 Bg7 32.Ra2 Bc3 33.Rb1 Rf5 34.Ra3 Bf6 35.Rd1 Ree5 36.Rc1 Bd8 37.g4 Rf8
38.Rd1 Kh7 39.Rxa7 Kg6 40.Kg2 h5 41.h3 hxg4 42.hxg4 Rh8 43.Ra8 Rhe8 44.Rc8 Kf7
45.Bc1 Kg6 46.Bb2 R5e7 47.Ra1 Rf8 48.Bd4 Rh7 49.Raa8 Rd7 50.Kf1 Kf7 51.Ke1 Be7
52.Rxf8+ Bxf8 53.Kd2 Re7 54.Ke3 Bh6 55.Rh8 Kg6 56.Bc3  1-0

[Event "Eger Agria"]
[Site "Eger"]
[Date "1992.??.??"]
[Round "?"]
[White "Ptaschinski, Dirk"]
[Black "Brglez, Rado"]
[Result "0-1"]
[WhiteElo "2220"]
[BlackElo "2260"]

1.d4 Nf6 2.c4 e6 3.Nf3 b6 4.a3 Bb7 5.Nc3 d5 6.cxd5 Nxd5 7.Qc2 Nxc3 8.bxc3 c5
9.e4 Nd7 10.Bf4 cxd4 11.cxd4 Rc8 12.Qa4 a6 13.Bd3 Be7 14.O-O O-O 15.Rac1 b5
16.Rxc8 Qxc8 17.Qb3 Nf6 18.Re1 Qa8 19.Bg5 Re8 20.Bxf6 Bxf6 21.d5 exd5 22.e5 Bd8
23.Qc2 Qc8 24.Bxh7+ Kh8 25.Qxc8 Bxc8 26.Bd3 Be7 27.Ra1 Bd7 28.a4 bxa4 29.Bxa6 a3
30.Ra2 Rb8 31.Bd3 Rb3 32.Bc2 Rc3 33.Kf1 Bb5+ 34.Ke1 Bc4 35.Kd2 Rxf3  0-1

[Event "Elenite"]
[Site "Elenite"]
[Date "1992.??.??"]
[Round "7"]
[White "Razuvaev, Yuri S"]
[Black "Kurajica, Bojan"]
[Result "1/2-1/2"]
[WhiteElo "2565"]
[BlackElo "2590"]

1.d4 Nf6 2.c4 e6 3.Nf3 b6 4.a3 c6 5.Nc3 d5 6.Bg5 Be7 7.cxd5 cxd5 8.e3 O-O
9.Rc1 Bb7 10.Bd3 Nbd7 11.O-O Rc8 12.Bf4 Ne4 13.Bxe4 dxe4 14.Ne5 f6 15.Nxd7 Qxd7
16.Qe2 a6 17.Rc2  1/2-1/2

[Event "NLD-ch sf"]
[Site "Enschede"]
[Date "1992.??.??"]
[Round "5"]
[White "Peek, Marcel"]
[Black "Pliester, Leon"]
[Result "0-1"]
[WhiteElo "2340"]
[BlackElo "2355"]

1.d4 Nf6 2.c4 e6 3.Nf3 b6 4.a3 Ba6 5.Qc2 Bb7 6.Nc3 c5 7.e4 cxd4 8.Nxd4 Bc5
9.Nb3 Nc6 10.Bd3 O-O 11.O-O Rc8 12.Nxc5 bxc5 13.Be3 Ng4 14.Bf4 Qf6 15.Bg3 Nge5
16.Rad1 Nd4 17.Qa4 a6 18.Bxe5 Qxe5 19.Qxd7 Qb8 20.Qa4 Bc6 21.Qxa6 Qxb2 22.Nb5 Bxb5
23.cxb5 c4 24.Bxc4 Rxc4 25.b6 Ne2+ 26.Kh1 Rxe4 27.Rb1 Qe5 28.Rb3 Nd4 29.Rd3 Rh4
30.h3 Qe2 31.Kg1 e5 32.b7 Rh6 33.Qc4 Nf3+ 34.gxf3 Rg6+ 35.Kh2 Qxf1  0-1

[Event "NLD-ch sf"]
[Site "Enschede"]
[Date "1992.??.??"]
[Round "8"]
[White "Peek, Marcel"]
[Black "Dorenberg, Gaston"]
[Result "0-1"]
[WhiteElo "2340"]
[BlackElo "2310"]

1.Nf3 Nf6 2.c4 e6 3.d4 b6 4.a3 Ba6 5.Qc2 Be7 6.e4 d5 7.Nbd2 dxe4 8.Nxe4 Bb7
9.Bd3 Nbd7 10.Be3 Nxe4 11.Bxe4 Bxe4 12.Qxe4 O-O 13.O-O-O Nf6 14.Qc2 b5 15.Bg5 bxc4
16.Bxf6 Bxf6 17.Qxc4 Rb8 18.Kb1 Qd6 19.Qa4 c5 20.Rd3 cxd4 21.Rc1 Qf4 22.Rc5 e5
23.g3 Qe4 24.Qc2 Rfe8 25.b4 Qg4 26.h3 Qxh3 27.Rd1 Qg4 28.Nh2 Qh3 29.Nf3 Qd7
30.Qe4 Qa4 31.Rd3 Rxb4+ 32.axb4 Qxb4+ 33.Ka2 Qxc5  0-1

[Event "BL2-O9192"]
[Site "Germany"]
[Date "1992.??.??"]
[Round "?"]
[White "Reis, Gerhard"]
[Black "Andresen, Steffen"]
[Result "0-1"]
[WhiteElo "2250"]
[BlackElo "2295"]

1.d4 Nf6 2.Nf3 e6 3.c4 b6 4.a3 Bb7 5.Nc3 d5 6.cxd5 Nxd5 7.e3 g6 8.Bb5+ c6
9.Bd3 Nxc3 10.bxc3 Bg7 11.e4 O-O 12.Bg5 Qc7 13.Qd2 c5 14.Rc1 Nc6 15.Bh6 Qd7
16.Bb5 a6 17.Bxg7 Kxg7 18.Ne5 Qc7 19.Bxc6 Bxc6 20.Ng4 f6 21.d5 exd5 22.exd5 Rae8+
23.Ne3 Bd7 24.O-O Re4 25.c4 Rfe8 26.Qb2 Qd6 27.Rfd1 h5 28.Rb1 b5 29.Rbc1 bxc4
30.Nxc4 Qxd5 31.Ne3 Qc6 32.Qc3 R4e5 33.Nf1 Bc8 34.f3 Bb7 35.Nd2 Qe6 36.Nc4 Rd5
37.Rxd5 Bxd5 38.Na5 c4 39.Rd1 Qb6+ 40.Kf1 Bf7 41.Rd7 Qe6 42.Rc7 Qe2+ 43.Kg1 Qd1+
44.Kf2 Re2+  0-1

[Event "BL2-N9192"]
[Site "Germany"]
[Date "1992.??.??"]
[Round "?"]
[White "Paulsen, Dirk"]
[Black "Jahn, Constanze"]
[Result "0-1"]
[WhiteElo "2340"]
[BlackElo "2210"]

1.d4 Nf6 2.c4 e6 3.Nf3 b6 4.a3 Bb7 5.Nc3 d5 6.cxd5 exd5 7.g3 Be7 8.Bg2 O-O
9.b4 Nbd7 10.O-O Ne4 11.Qc2 c5 12.bxc5 Nxc3 13.Qxc3 bxc5 14.Rb1 Ba6 15.dxc5 Nxc5
16.Bb2 Ne6 17.Ne5 Rc8 18.Nc6 Bf6 19.Qxf6 Qxf6 20.Bxf6 Rxc6 21.Be7 Re8 22.Bxd5 Rc2
23.Bb4 h6 24.Rfe1 Rxe2 25.Rxe2 Bxe2 26.Ba5 Rc8 27.f4 Rc5 28.Rb8+ Kh7 29.Be4+ f5
30.Bb4 fxe4 31.Bxc5 Nxc5 32.Kf2 Bd3 33.f5 a6 34.Rd8 h5 35.Ke3 Kh6 36.Kf4 g5+
37.Ke3 Kg7 38.Rd5 Nb3 39.Rd6 Kf7 40.h3 Na5 41.Kd4 Ke7 42.Rg6 g4 43.h4 Nc4
44.Rxa6 Nd6 45.f6+ Kd7 46.Rb6 Nf5+ 47.Ke5 e3 48.Rb7+ Kc6 49.Rb2 Nd6 50.Rh2 e2
51.Rh1 Kd7 52.a4 Nf5 53.Rc1 Ne3 54.Kd4 Nd1 55.Rc7+ Kxc7  0-1

[Event "Groningen op"]
[Site "Groningen"]
[Date "1992.??.??"]
[Round "5"]
[White "Savchenko, Stanislav"]
[Black "Pliester, Leon"]
[Result "1-0"]
[WhiteElo "2505"]
[BlackElo "2345"]

1.d4 Nf6 2.c4 e6 3.Nf3 b6 4.a3 Ba6 5.Qc2 Bb7 6.Nc3 c5 7.e4 cxd4 8.Nxd4 Nc6
9.Nxc6 Bxc6 10.Bf4 Nh5 11.Be3 Bc5 12.Qd2 Qc7 13.Be2 Bxe3 14.Qxe3 Nf4 15.Bf3 O-O
16.O-O Rac8 17.Rac1 Ng6 18.Rfd1 f5 19.exf5 Bxf3 20.Qxf3 Rxf5 21.Qe3 Nf4 22.f3 h5
23.g3 Nh3+ 24.Kg2 Ng5 25.Nb5 Qe5 26.Qxe5 Rxe5 27.Nc3 Re3 28.h4 Nf7 29.Kf2 Re5
30.Ne2 d5 31.f4 Rf5 32.Nd4 Rf6 33.cxd5 Rxc1 34.Rxc1 exd5 35.Rc8+ Kh7 36.b4 Nd6
37.Rd8 Rg6 38.Kf3 a5 39.bxa5 bxa5 40.a4 Ne4 41.Rxd5 Nxg3 42.Rg5 Rd6 43.Kxg3 Rxd4
44.Rxh5+ Kg6 45.Rxa5 Kh6 46.Kg4 Rb4 47.Rh5+ Kg6 48.Rg5+ Kh6 49.a5 Ra4 50.h5 Kh7
51.Rd5 Kh6 52.Rd6+ Kh7 53.a6 Ra5 54.f5 Ra1 55.Kf4 Ra5 56.Ke4 Ra4+ 57.Kd5  1-0

[Event "Groningen op"]
[Site "Groningen"]
[Date "1992.??.??"]
[Round "5"]
[White "Sakaev, Konstantin"]
[Black "Davies, Nigel R"]
[Result "1/2-1/2"]
[WhiteElo "2540"]
[BlackElo "2460"]

1.d4 Nf6 2.Nf3 e6 3.c4 b6 4.a3 Bb7 5.Nc3 g6 6.Qc2 Bxf3 7.gxf3 Bg7 8.f4 Nc6
9.e3 O-O 10.d5 exd5 11.cxd5 Ne7 12.Bg2 c6 13.dxc6 dxc6 14.O-O Qc8 15.Ne2 Qg4
16.h3 Qh5 17.Ng3 Qh4 18.Bd2 Nfd5 19.Rfd1 Rad8 20.Be1 f5 21.Ne2 Qf6 22.Rab1 Rd6  1/2-1/2

[Event "Groningen op"]
[Site "Groningen"]
[Date "1992.??.??"]
[Round "7"]
[White "Savchenko, Stanislav"]
[Black "Davies, Nigel R"]
[Result "1-0"]
[WhiteElo "2505"]
[BlackElo "2460"]

1.d4 Nf6 2.c4 e6 3.Nf3 b6 4.a3 g6 5.Nc3 Bb7 6.Qc2 Bxf3 7.gxf3 Bg7 8.Bg5 h6
9.Bh4 Nc6 10.O-O-O Ne7 11.d5 Nf5 12.Bg3 Nh5 13.dxe6 fxe6 14.Nb5 Nhxg3 15.hxg3 a6
16.Nc3 b5 17.g4 Ne7 18.c5 b4 19.axb4 Rb8 20.b5 axb5 21.e3 b4 22.Nb5 O-O 23.Bc4 Qc8
24.Qe4 Kh8 25.Kd2 Qa6 26.Ke2 Rbd8 27.f4 Qc6 28.Qxc6 Nxc6 29.Nxc7 e5 30.f5 gxf5
31.gxf5 Rxf5 32.Bd5 Rdf8 33.f3 e4 34.Bxe4 Rxc5 35.Rxd7 Nd8 36.f4 b3 37.Rg1  1-0

[Event "Groningen"]
[Site "Groningen"]
[Date "1992.??.??"]
[Round "9"]
[White "Beliavsky, Alexander G"]
[Black "Christiansen, Larry Mark"]
[Result "1-0"]
[WhiteElo "2595"]
[BlackElo "2625"]

1.d4 Nf6 2.c4 e6 3.Nf3 b6 4.a3 Bb7 5.Nc3 g6 6.Qc2 Bxf3 7.gxf3 Bg7 8.Bg5 h6
9.Bh4 g5 10.Bg3 Nh5 11.e3 d6 12.Be2 c5 13.d5 Nxg3 14.hxg3 Bxc3+ 15.Qxc3 e5
16.f4 Nd7 17.fxe5 Nxe5 18.f4 Ng6 19.Bd3 Kd7 20.b4 gxf4 21.gxf4 Nh4 22.bxc5 bxc5
23.Rb1 Rg8 24.Kf1 Ke8 25.Bh7 Rf8 26.Rb7 a6 27.Qb2 Rc8 28.Kf2 Ra8 29.Rg1 Qc8
30.Bc2  1-0

[Event "Groningen op"]
[Site "Groningen"]
[Date "1992.??.??"]
[Round "9"]
[White "Eriksson, Anders"]
[Black "Davies, Nigel R"]
[Result "1/2-1/2"]
[WhiteElo "2285"]
[BlackElo "2460"]

1.d4 Nf6 2.c4 e6 3.Nf3 b6 4.a3 c5 5.d5 exd5 6.cxd5 g6 7.Nc3 Bg7 8.e4 O-O
9.Bd3 d6 10.O-O Na6 11.Rb1 Nc7 12.b4 Bg4 13.Bb2 Re8 14.h3 Bxf3 15.Qxf3 Nd7
16.Qg3 Rc8 17.Bb5 Be5 18.f4 Nxb5 19.Nxb5 Bxb2 20.Rxb2 Rxe4 21.Nxa7 Ra8 22.Nb5 Qf6
23.Rb3 cxb4 24.Rxb4 Rxb4 25.axb4 Qb2 26.Qc3 Qxc3 27.Nxc3 Nf6 28.Rd1 Rc8 29.Nb5 Ne4
30.Rd4 Rc1+ 31.Kh2 f5 32.g4 Rc2+ 33.Kg1 Ng3 34.Rd1 Ne2+ 35.Kf1 Ng3+ 36.Kg1 Ne2+
37.Kf1 fxg4 38.hxg4 Ng3+ 39.Kg1 Ne2+ 40.Kf1 Ng3+ 41.Kg1 Ne2+ 42.Kf1  1/2-1/2

[Event "Gyor opJ"]
[Site "Gyor"]
[Date "1992.??.??"]
[Round "?"]
[White "Koczka, Zsolt"]
[Black "Izsak, Gyula"]
[Result "0-1"]
[WhiteElo "2285"]
[BlackElo "2360"]

1.d4 Nf6 2.c4 e6 3.Nf3 b6 4.a3 Bb7 5.Nc3 d5 6.cxd5 Nxd5 7.Qc2 c5 8.dxc5 Bxc5
9.Bg5 f6 10.Bd2 O-O 11.e3 Nxc3 12.Bxc3 f5 13.Bc4 Qe7 14.b4 Bxf3 15.gxf3 Bxe3
16.Qe2 Rc8 17.Rg1 g6 18.Kf1 b5 19.Qxe3 Rxc4 20.Qe5 Kf7 21.Qg7+ Ke8 22.Qh8+ Qf8
23.Qe5 Rc6 24.Qxb5 Qe7 25.Be5 Qd7 26.Qe2 Qd5 27.Rd1 Qc4 28.Bxb8 Rxb8 29.Rd3 Rd8
30.Rxd8+ Kxd8 31.Qxc4 Rxc4 32.Ke2 Rc2+ 33.Ke3 Rc3+ 34.Kf4 Ke7 35.h4 Kf6 36.Rd1 Rxa3
37.Rd7 h6 38.Kg3 g5 39.hxg5+ hxg5 40.Kg2 Ke5 41.b5 Ra5 42.Kg3 Ra1 43.Kg2 Ra3
44.Rb7 Kd6 45.b6 Kc6 46.Re7 axb6 47.Rxe6+ Kb7 48.Rg6 Ra5 49.Rxg5 Rd5 50.Kf1 b5
51.Ke2 Kb6 52.Rg6+ Ka5 53.f4 b4 54.Rg8 b3 55.Rb8 Ka4 56.Ra8+ Kb4 57.Rb8+ Rb5
58.Rxb5+ Kxb5 59.Kd1 Kb4 60.Kc1 Kc3 61.Kb1 b2 62.f3 Kd3  0-1

[Event "Hafnarfirdi"]
[Site "Hafnarfirdi"]
[Date "1992.??.??"]
[Round "4"]
[White "Petursson, Margeir"]
[Black "Stefansson, Hannes"]
[Result "0-1"]
[WhiteElo "2555"]
[BlackElo "2455"]

1.d4 Nf6 2.c4 e6 3.Nf3 b6 4.a3 Bb7 5.Nc3 d5 6.cxd5 Nxd5 7.Qc2 Be7 8.Bd2 O-O
9.e4 Nxc3 10.Bxc3 Nd7 11.Rd1 Qc8 12.Bd3 Rd8 13.O-O c5 14.d5 c4 15.Be2 exd5
16.Nd4 dxe4 17.Nf5 Qc5 18.Bg4 Bf6 19.Rxd7 Rxd7 20.Bxf6 gxf6 21.Qc3 Qe5 22.Nh6+ Kg7
23.Bxd7 Kxh6 24.Qxc4 Kg7 25.b4 Rd8 26.Bc6 Rd4 27.Qc3 Bxc6 28.Qxc6 Rd3 29.Qa4 Qc7
30.h3 f5 31.Qb5 Qd7 32.Qe5+ f6 33.Qf4 Kg6 34.Rc1 Qd6 35.Qxd6 Rxd6 36.Rc7 Rd1+
37.Kh2 f4 38.Rxa7 Rf1 39.Re7 f5 40.f3 e3 41.b5 Kf6 42.Re8 Ra1 43.g3 Ra2+
44.Kg1 fxg3 45.Rxe3 Kg5 46.Rd3 Kh4 47.Rd6 h5 48.Rh6 f4  0-1

[Event "Havana-B"]
[Site "Havana"]
[Date "1992.??.??"]
[Round "?"]
[White "Li, Manuel"]
[Black "Hernandez, Pedro"]
[Result "1-0"]
[WhiteElo "2295"]
[BlackElo "2235"]

1.d4 Nf6 2.c4 e6 3.Nf3 b6 4.a3 Bb7 5.Nc3 Be7 6.d5 O-O 7.g3 Re8 8.Bg2 Bf8
9.O-O e5 10.e4 d6 11.Ne1 Ba6 12.b3 Bc8 13.b4 h6 14.Nd3 a5 15.Bd2 Ba6 16.Nb2 Bb7
17.Be3 Nbd7 18.Nd3 Ba6 19.Qb3 Qe7 20.Rfe1 Ng4 21.Bd2 g6 22.h3 Ngf6 23.Nb5 Nb8
24.bxa5 bxa5 25.Bxa5 Rc8 26.Bc3 c6 27.dxc6 Nxc6 28.a4 Rab8 29.Bf1 Bb7 30.Bg2 Qe6
31.Rac1 Ba6 32.Bf1 Nd7 33.Qd1 Nc5 34.Nb4 Nxb4 35.Bxb4 h5 36.h4 Bb7 37.Bxc5 dxc5
38.Nc3 Bc6 39.Rb1 Rb4 40.a5 Rcb8 41.Rc1  1-0

[Event "Helsinki op"]
[Site "Helsinki"]
[Date "1992.??.??"]
[Round "2"]
[White "Norri, Joose"]
[Black "Nykopp, Jan Michael F"]
[Result "0-1"]
[WhiteElo "2400"]
[BlackElo "2250"]

1.d4 Nf6 2.c4 e6 3.Nf3 b6 4.a3 d5 5.Nc3 Bb7 6.cxd5 Nxd5 7.e3 Nd7 8.Bd3 c5
9.e4 Nxc3 10.bxc3 Qc8 11.O-O Be7 12.d5 c4 13.Bc2 e5 14.Ba4 Bf6 15.Bg5 Bxg5
16.Nxe5 O-O 17.Nxd7 Rd8 18.f4 Bh6 19.Qg4 Qc7 20.Nf6+ Kh8 21.Qh5 Qe7 22.e5 Bxd5
23.Ng4 Be4 24.Rae1 Bg6 25.Qh3 Bf5 26.Qf3 Bxg4 27.Qxg4 Qxa3 28.Bc2 Qxc3 29.Be4 Rac8
30.Qf5 g6 31.Qxf7 Rf8 32.Qd7 Rcd8 33.Qe7 Rde8 34.Qh4 Kg7 35.Rf3 Qd2 36.Ref1 Qd4+
37.Kh1 Qxe4 38.Rh3 g5 39.Qxh6+ Kh8 40.f5 Rf7 41.Qg6 Ref8 42.e6 Rg7 43.Qh5 Qxe6
44.Qg4 b5 45.Rhf3 Qf6 46.h3 Re7 47.Rd1 Rfe8 48.Rd5 c3 49.Rf2 Re4 50.Qg3 b4  0-1

[Event "Helsinki op"]
[Site "Helsinki"]
[Date "1992.??.??"]
[Round "9"]
[White "Salo, Heikki"]
[Black "Rytshagov, Mikhail"]
[Result "1/2-1/2"]
[WhiteElo "2230"]
[BlackElo "2450"]

1.d4 Nf6 2.Nf3 e6 3.c4 b6 4.a3 Bb7 5.Nc3 g6 6.Bg5 Bg7 7.Qc2 d5 8.cxd5 exd5
9.e3 O-O 10.Be2 Nbd7 11.O-O Qe7 12.b4 c6 13.Rab1 Rfc8 14.Rfc1 Qe6 15.h3 Ne8
16.Bf4 Nd6 17.a4 a5 18.bxa5 Rxa5 19.Ne5 Nxe5 20.dxe5 Bxe5 21.Bxe5 Qxe5 22.Rxb6 c5
23.Bg4 Rc7 24.Bf3 Bc6 25.Bxd5 Bxd5 26.Nxd5 Qxd5 27.Rd1 Qe5 28.Rbxd6 c4 29.Rd8+ Kg7
30.R1d4 c3 31.Rb8 Qc5 32.Rbb4 Qf5 33.e4 Qf4 34.Rbc4 Rxc4 35.Rxc4 Qe5 36.f4 Qf6
37.e5 Qb6+ 38.Kh2 Qb2 39.Qxc3 Qxc3 40.Rxc3 Rxa4 41.Kg3 h5 42.Rb3 Re4 43.Kf3 Rc4
44.Rd3 Rb4 45.Ke3 Rb2 46.Rd2 Rb3+ 47.Ke4 Rb4+ 48.Rd4 Rb1 49.g3 Rh1 50.Kf3 Rh2
51.Rd7 Kf8 52.h4 Rh1 53.Rd3 Ke7 54.Ke4 Re1+ 55.Re3 Ra1 56.Rd3 Re1+ 57.Kd5 Ra1
58.Rb3 Rd1+ 59.Ke4 Re1+ 60.Kf3 Ra1 61.Rd3 Rb1 62.Rd2 Rb3+ 63.Kf2 Ra3 64.Rd6 Ra2+
65.Ke3 Ra3+ 66.Rd3 Ra1 67.Kf3 Rb1 68.Kg2 Rb2+ 69.Kh3 Rf2 70.Rd6 Re2 71.Ra6 Rf2
72.Ra7+ Ke6 73.Ra3 Ke7 74.Rd3 Ke6 75.Rd1 Ke7 76.Rg1 Ke6 77.Rg2 Rf1 78.Ra2 Re1
79.Kg2 Re3 80.Kf2 Rb3 81.Ra6+ Ke7 82.f5 gxf5 83.Rf6 Rb2+ 84.Kf3 Rb3+ 85.Kf4 Rb4+
86.Kf3 Rb3+ 87.Kg2 Rb2+ 88.Kh3 Rf2 89.Rh6 Re2 90.Rxh5 Rxe5 91.Kg2 Kf6 92.Rh6+ Kg7
93.Ra6  1/2-1/2

[Event "HUN-chT"]
[Site "HUN"]
[Date "1992.??.??"]
[Round "?"]
[White "Emodi, Gyula"]
[Black "Borsi, Imre"]
[Result "1-0"]
[WhiteElo "2345"]
[BlackElo "2215"]

1.d4 Nf6 2.Nf3 e6 3.c4 b6 4.a3 Bb7 5.Nc3 Be7 6.d5 O-O 7.e4 exd5 8.exd5 Re8
9.Be2 d6 10.Qc2 Nbd7 11.Nd4 a6 12.O-O Bf8 13.f4 g6 14.f5 Ne5 15.Bg5 Be7 16.h4 c5
17.Nf3 Nfg4 18.Nxe5 Nxe5 19.f6 Bf8 20.h5 Qd7 21.hxg6 fxg6 22.Bd3 Nf7 23.Bxg6  1-0